| 000 | 00969 a2200253 4500 | ||
|---|---|---|---|
| 001 | 56997 | ||
| 005 | 20260407155832.0 | ||
| 008 | 260407a1988 arg spa d | ||
| 003 | AR-UNSa-BCEJYS | ||
| 040 |
_aAR-UNSa-BCEJYS _bspa _cAR-UNSa-BCEJYS |
||
| 080 |
_a330.101.542 _xMicroeconomía |
||
| 245 | 1 | 0 | _aFundamentals of public economics |
| 020 | _a0-262-12127-1 | ||
| 264 | 1 |
_aCambridge : _bThe MIT Press _c1988 |
|
| 300 |
_a275 p. _c23 cm. |
||
| 505 | _a1. Externalities – 2. Public Goods – 3. Nonconvexities – 4. Collective Choice Theory – 5. Incomplete Information and Public Economics – 6. Cost-Benefit Analysis – 7. Introduction to the Theory of the Second Best | ||
| 041 | _aspa | ||
| 942 | _cBK | ||
| 590 | _aniveau_biblio:m niveau_hierar:0 | ||
| 100 | 1 | _aLaffont, Jean-Jacques | |
| 700 | 1 | _aBonin, John P. | |
| 700 | 1 | _aBonin, Helene | |
| 856 | 4 | 1 |
_uhttps://biblioeco.unsa.edu.ar/pmb/images/libros/L128637.jpg _yImagen de portada _qimage/jpeg |
| 999 |
_c6085 _d6085 |
||